Palabras de Dios en la comunidad cristiana: princípios de pastoral vocacional

Saved in:
Bibliographic Details
Main Author: Vela, Jesús Andrés (Author)
Format: Book
Language:Spanish
Published: Bogotá CELAM 1968
Series:Devoc, 2
Subjects:
Tags: Add Tag
No Tags, Be the first to tag this record!

MARC

LEADER 00000nam a2200000 a 4500
001 UCR2010
003 CL-VaPUC
008 980109e19680000CK |||||||||||||||||spa|d
082 0 4 |a 254  |b VEL  |2 21 
100 0 |a Vela, Jesús Andrés  |e author  |9 399568 
245 1 0 |a Palabras de Dios en la comunidad cristiana: princípios de pastoral vocacional 
300 |a 325 p 
942 |c BK 
945 |d 19980109 00:00:00  |a jquezada 
260 |a Bogotá  |b CELAM  |c 1968 
600 0 |a Dios  |9 314467 
600 0 |a Jesús  |9 313614 
650 7 |a COMUNIDAD CRISTIANA  |2 CL-VaPUC  |9 395236 
650 0 |a Cristianismo  |9 257361 
650 0 |a Vocación religiosa  |9 392452 
650 7 |a PASTORAL  |2 CL-VaPUC  |9 397996 
650 0 |a Antiguo testamento   |9 313678 
650 0 |a Nuevo testamento  |9 257604 
583 |a last modification  |c 19980109 00:00:00  |k Rodrigo Vera 
490 0 |a Devoc, 2 
999 |c 265288  |d 265286 
952 |0 0  |1 0  |4 0  |6 254_000000000000000_VEL_1968  |7 0  |8 A  |9 296152  |a BIBTEO  |b BIBTEO  |d 2019-11-20  |i 3382427  |o 254 VEL 1968  |p 3382427  |r 2025-01-17  |w 2019-11-20  |y BK  |k ICR 
952 |0 0  |1 0  |4 0  |6 254_000000000000000_VEL_1968  |7 0  |8 A  |9 296153  |a BIBTEO  |b BIBTEO  |d 2019-11-20  |i 3382125  |o 254 VEL 1968  |p 3382125  |r 2025-01-17  |w 2019-11-20  |y BK  |k ICR